El pago por consignación (Registro nro. 3031)

Detalles MARC
000 -LEADER
fixed length control field 01232 a2200217 4500
001 - CONTROL NUMBER
control field 39351
005 - DATE AND TIME OF LATEST TRANSACTION
control field 20260407155652.0
008 - FIXED-LENGTH DATA ELEMENTS--GENERAL INFORMATION
fixed length control field 260407a1983 arg spa d
003 - CONTROL NUMBER IDENTIFIER
control field AR-UNSa-BCEJYS
040 ## - CATALOGING SOURCE
Original cataloging agency AR-UNSa-BCEJYS
Language of cataloging spa
Transcribing agency AR-UNSa-BCEJYS
080 ## - UNIVERSAL DECIMAL CLASSIFICATION NUMBER
Universal Decimal Classification number 347.43
Common auxiliary subdivision Extinción de las obligaciones (pago, remisión, novación, rendición de cuentas)
020 ## - INTERNATIONAL STANDARD BOOK NUMBER
International Standard Book Number 950-14-0086-7
041 ## - LANGUAGE CODE
Language code of text/sound track or separate title spa
100 1# - MAIN ENTRY--PERSONAL NAME
Personal name Wayar, Ernesto Clemente
245 10 - TITLE STATEMENT
Title El pago por consignación
Name of part/section of a work doctrina y jurisprudencia
264 #1 - PRODUCTION, PUBLICATION, DISTRIBUTION, MANUFACTURE, AND COPYRIGHT NOTICE
Place of production, publication, distribution, manufacture Buenos Aires :
Name of producer, publisher, distributor, manufacturer Ediciones Depalma
Date of production, publication, distribution, manufacture, or copyright notice 1983
300 ## - PHYSICAL DESCRIPTION
Extent xxii, 275 p.
Dimensions 23 cm.
505 ## - FORMATTED CONTENTS NOTE
Formatted contents note 1. Introducción - 2. Los subrogados del cumplimiento: el pago por consignación - 3. Cuándo procede la consignación: los supuestos del Art. 757 - 4. Presupuestos de la consignación judicial. Elementos del pago por consignación - 5. Los requisitos - 6. Consecuencias del pago por consignación - 7. Consecuencias del pago por consignación - 8. Efectos de la consignación después de su perfeccionamiento. Gastos y costas. Influencia de la consignación sobre otros juicios - 9. Modos de realizar la consignación según la naturaleza de la obligación
590 ## - LOCAL NOTE (RLIN)
Local note niveau_biblio:m niveau_hierar:0
942 ## - ADDED ENTRY ELEMENTS (KOHA)
Koha item type
Existencias
Withdrawn status Lost status Damaged status Not for loan Home library Current library Shelving location Date acquired Total checkouts Full call number Barcode Date last seen Price effective from Koha item type
        Biblioteca Prof. Eusebio Cleto del Rey Biblioteca Prof. Eusebio Cleto del Rey   07/04/2026   347.43 W357 L53333 07/04/2026 07/04/2026 Libro
        Biblioteca Prof. Eusebio Cleto del Rey Biblioteca Prof. Eusebio Cleto del Rey   07/04/2026   347.43 W357 L53335 07/04/2026 07/04/2026 Libro
        Biblioteca Prof. Eusebio Cleto del Rey Biblioteca Prof. Eusebio Cleto del Rey   07/04/2026   347.43 W357 L53334 07/04/2026 07/04/2026 Libro